Statistics for 2019 Moto3 Pilots

Click here to take the quiz!

General Stats

  • This quiz has been taken 22 times
  • The average score is 15 of 29

Answer Stats

Pilot% Correct
Jaume Masia
80%
Aron Canet
73%
Celestino Vietti
73%
Tatsuki Suzuki
73%
Andrea Migno
67%
Darryn Binder
67%
Dennis Foggia
67%
Romano Fenati
67%
Ayumu Sasaki
60%
John McPhee
60%
Kaito Toba
60%
Lorenzo Dalla Porta
60%
Niccolo Antonelli
60%
Albert Arenas
53%
Alonso Lopez
53%
Can Oncu
53%
Tony Arbolino
53%
Ai Ogura
47%
Gabriel Rodrigo
47%
Marcos Ramirez
47%
Raul Fernandez
47%
Ricardo Rossi
47%
Filip Salac
40%
Kazuki Masaki
40%
Tom Booth-Amos
40%
Jakub Kornfeil
33%
Makar Yurchenko
33%
Sergio Garcia Dols
7%
Stefano Nepa
0%

Score Distribution

Percentile by Number Answered

Percent of People with Each Score

Your Score History

You have not taken this quiz